000 00800nam1a22002291i 4500
001 rc\495998
005 20240724000525.0
035 _a(NLR Aleph) 005972707
090 _a6950872
_c6950872
100 _a20030616g19889999u |0rusy50 ca
101 0 _arus
102 _aRU
105 _ay |||||||||
200 1 _aГироскопические системы
_e[Учеб. для вузов по спец. "Гироскоп. приборы и системы"
_eВ 3 ч.]
_fПод ред. Д.С. Пельпора
205 _a2-е изд., перераб. и доп.
210 _aМ.
_cВысш. школа
_d1988-
215 _d22
700 1 _aПельпор
_bД.С.
_gДмитрий Сергеевич
801 0 _aRU
_bNLR
_gpsbo
801 1 _aRU
_bELAR
_2rusmarc
852 _aNLR
_j86-3/11364
942 _cBOOK